US States Containing the Letter I - Statistics

General Stats
  • This quiz has been taken 437 times
  • The average score is 27 of 28
Answer Stats
Answer % Correct
Florida
99%
Indiana
98%
Illinois
97%
Rhode Island
97%
Virginia
97%
California
96%
Georgia
96%
Mississippi
96%
New Mexico
96%
North Carolina
96%
Washington
96%
Idaho
95%
Michigan
95%
Missouri
95%
Pennsylvania
95%
South Carolina
95%
West Virginia
95%
Wisconsin
95%
Wyoming
95%
Hawaii
94%
Ohio
94%
Louisiana
93%
Maine
93%
Arizona
92%
Iowa
92%
Minnesota
92%
New Hampshire
92%
Connecticut
90%
No matching quizzes found
Score Distribution
Percent of People with Each Score
Percentile by Number Answered
Your Score History
You have not taken this quiz